[Event "CUB-ch (Women)"]
[Site "Pinar del Rio"]
[Date "2024.02.17"]
[Round "10"]
[White "Muniz Guevara, Amanda Maria"]
[Black "Frometa Castillo, Zirka"]
[Result "1-0"]
[WhiteElo "2116"]
[BlackElo "1923"]
[PlyCount "83"]
[EventDate "2024.02.08"]
[EventType "swiss"]
[EventRounds "10"]
[EventCountry "CUB"]
[SourceTitle "CB08_2024"]
[SourceDate "2024.02.21"]
[SourceVersion "1"]
[SourceVersionDate "2024.02.21"]
[SourceQuality "1"]

1. e4 c6 2. d4 g6 3. Nf3 Bg7 4. Bd3 d5 5. c3 dxe4 6. Bxe4 Nf6 7. Bc2 0-0 8. 0-0 Qc7 9. h3 b5 10. Qe2 a5 11. Re1 Ra7 12. Ne5 Nd5 13. Nd2 Nd7 14. Ndf3 Nxe5 15. dxe5 a4 16. c4 bxc4 17. Qxc4 Qa5 18. Qh4 f6 19. Bh6 Qb4 20. Bxg7 Qxh4 21. Nxh4 Kxg7 22. Re4 a3 23. bxa3 Rxa3 24. Bb3 fxe5 25. Rxe5 e6 26. Nf3 Rf4 27. Rc1 Bd7 28. Re2 Ra6 29. Ne5 Be8 30. Nd3 Rf6 31. Ne5 Nf4 32. Re4 Ra5 33. Kh2 Bf7 34. Nd7 Rff5 35. g4 Nd3 36. gxf5 Nxc1 37. f6+ Kh6 38. Rh4+ Rh5 39. Rxh5+ Kxh5 40. Ne5 Kg5 41. Nxf7+ Kxf6 42. Nd8 1-0

[Event "CUB-ch (Women)"]
[Site "Pinar del Rio"]
[Date "2024.02.14"]
[Round "7"]
[White "Muniz Guevara, Amanda Maria"]
[Black "Montejo Bello, Lorena Beatriz"]
[Result "1/2-1/2"]
[WhiteElo "2116"]
[BlackElo "1985"]
[PlyCount "22"]
[EventDate "2024.02.08"]
[EventType "swiss"]
[EventRounds "10"]
[EventCountry "CUB"]
[SourceTitle "CB08_2024"]
[SourceDate "2024.02.21"]
[SourceVersion "1"]
[SourceVersionDate "2024.02.21"]
[SourceQuality "1"]

1. e4 e5 2. Nf3 Nc6 3. Bc4 Nf6 4. d3 Be7 5. 0-0 d6 6. a4 a5 7. Re1 0-0 8. c3 Be6 9. Nbd2 Bxc4 10. Nxc4 Qd7 11. h3 Rfe8 1/2-1/2

[Event "CUB-ch (Women)"]
[Site "Pinar del Rio"]
[Date "2024.02.12"]
[Round "5"]
[White "Muniz Guevara, Amanda Maria"]
[Black "Arribas Robaina, Maritza"]
[Result "1/2-1/2"]
[WhiteElo "2116"]
[BlackElo "2160"]
[PlyCount "87"]
[EventDate "2024.02.08"]
[EventType "swiss"]
[EventRounds "10"]
[EventCountry "CUB"]
[SourceTitle "CB08_2024"]
[SourceDate "2024.02.21"]
[SourceVersion "1"]
[SourceVersionDate "2024.02.21"]
[SourceQuality "1"]

1. e4 d6 2. d4 Nf6 3. Bd3 e5 4. c3 Nc6 5. Nf3 Be7 6. 0-0 Bg4 7. d5 Nb8 8. c4 0-0 9. h3 Bd7 10. Nc3 a5 11. Be3 b6 12. a3 Na6 13. Bc2 Ne8 14. Qe2 g6 15. Nh2 Bg5 16. Rfb1 Ng7 17. b4 f5 18. f3 fxe4 19. Nxe4 Bxe3+ 20. Qxe3 Nf5 21. Qd2 Nd4 22. Bd3 Qh4 23. Qg5 Qxg5 24. Nxg5 Bf5 25. Ne4 Bxe4 26. fxe4 Nb8 27. Ng4 Nd7 28. Ne3 Ra7 29. Nc2 Nxc2 30. Bxc2 axb4 31. axb4 Rfa8 32. Rxa7 Rxa7 33. Rb3 Ra2 34. Bd3 Kg7 35. Kh2 h5 36. Kg3 g5 37. Kf3 Kg6 38. g3 Nf6 39. g4 hxg4+ 40. hxg4 Rh2 41. c5 Rh3+ 42. Ke2 Rh2+ 43. Kf3 Rh3+ 44. Ke2 1/2-1/2

[Event "CUB-ch (Women)"]
[Site "Pinar del Rio"]
[Date "2024.02.09"]
[Round "2"]
[White "Gutierrez Espinosa, Karen"]
[Black "Muniz Guevara, Amanda Maria"]
[Result "0-1"]
[WhiteElo "2070"]
[BlackElo "2116"]
[PlyCount "90"]
[EventDate "2024.02.08"]
[EventType "swiss"]
[EventRounds "10"]
[EventCountry "CUB"]
[SourceTitle "CB08_2024"]
[SourceDate "2024.02.21"]
[SourceVersion "1"]
[SourceVersionDate "2024.02.21"]
[SourceQuality "1"]

1. e4 e5 2. Nf3 Nc6 3. Bc4 Nf6 4. d3 Bc5 5. c3 a6 6. a4 Ba7 7. 0-0 d6 8. h3 h6 9. Re1 g5 10. Nh2 Rg8 11. g4 Ne7 12. d4 Ng6 13. Qb3 Qe7 14. Nf3 Nh7 15. Be3 Nhf8 16. dxe5 dxe5 17. Nbd2 Ne6 18. Bxe6 Qxe6 19. Qd5 f6 20. Nf1 Nf4 21. Qxe6+ Bxe6 22. Bxa7 Rxa7 23. Kh2 h5 24. Ne3 Rh8 25. gxh5 Rxh5 26. Ng1 Bxh3 27. Nxh3 Rxh3+ 28. Kg1 c6 29. Rad1 b6 30. Nf5 Rah7 31. Ng3 Rh2 32. Rd6 Rg2+ 33. Kf1 Rhh2 34. Rd2 Rxg3 35. fxg3 Rxd2 36. gxf4 gxf4 37. a5 Rxb2 38. axb6 Rxb6 39. Ra1 Rb3 40. Rxa6 Rxc3 41. Ra7 Rc4 42. Rc7 Kd8 43. Rf7 Rxe4 44. Rxf6 Kd7 45. Kf2 Re3 0-1

[Event "Carlos Torre Memorial op 33rd"]
[Site "Merida"]
[Date "2023.12.18"]
[Round "7"]
[White "Muniz Guevara, Amanda Maria"]
[Black "Limon Olmos, Ivan Alonso"]
[Result "1-0"]
[WhiteElo "2133"]
[BlackElo "2165"]
[PlyCount "115"]
[EventDate "2023.12.15"]
[EventType "swiss"]
[EventRounds "9"]
[EventCountry "MEX"]
[SourceTitle "CB52_2023"]
[SourceDate "2023.12.27"]
[SourceVersion "1"]
[SourceVersionDate "2023.12.27"]
[SourceQuality "1"]

1. e4 e5 2. Nf3 Nc6 3. Bb5 Nf6 4. d3 d6 5. c4 g6 6. 0-0 Bg7 7. d4 Bd7 8. dxe5 Nxe5 9. Nxe5 dxe5 10. Bxd7+ Nxd7 11. Be3 0-0 12. Nc3 c6 13. Qd6 Qc8 14. Rfd1 Rd8 15. Bg5 f6 16. Qe6+ Kh8 17. Be3 Nf8 18. Qxc8 Rdxc8 19. Rd6 Kg8 20. Rad1 Kf7 21. Kf1 Ke8 22. a4 Rc7 23. a5 Rd7 24. a6 b6 25. c5 Rad8 26. Rxd7 Nxd7 27. cxb6 axb6 28. Rd6 Ra8 29. Rxc6 Rxa6 30. g3 f5 31. Nd5 Ra1+ 32. Kg2 Rb1 33. Rc8+ Kf7 34. Rc7 Ke6 35. Rc6+ Kf7 36. Rc7 Ke6 37. Rc6+ Kf7 38. Nxb6 Nxb6 39. Rxb6 f4 40. Bc5 g5 41. g4 Bf6 42. b4 Re1 43. Rb7+ Kg6 44. Rb6 Kf7 45. Rb7+ Kg6 46. Rb6 Kf7 47. Kf3 Rh1 48. Rb7+ Kg6 49. b5 Rxh2 50. b6 Rh3+ 51. Ke2 Rb3 52. Rd7 h5 53. gxh5+ Kxh5 54. b7 Rb2+ 55. Kd1 g4 56. Ba7 g3 57. fxg3 Rb1+ 58. Kc2 1-0

[Event "Carlos Torre Memorial op 33rd"]
[Site "Merida"]
[Date "2023.12.16"]
[Round "4"]
[White "Sanchez, Sebastian Felipe"]
[Black "Muniz Guevara, Amanda Maria"]
[Result "1-0"]
[WhiteElo "2406"]
[BlackElo "2133"]
[PlyCount "71"]
[EventDate "2023.12.15"]
[EventType "swiss"]
[EventRounds "9"]
[EventCountry "MEX"]
[SourceTitle "CB52_2023"]
[SourceDate "2023.12.27"]
[SourceVersion "1"]
[SourceVersionDate "2023.12.27"]
[SourceQuality "1"]

1. Nf3 d5 2. c4 c6 3. e3 Nf6 4. Nc3 g6 5. b3 Bg7 6. Bb2 0-0 7. h3 Nbd7 8. d4 b6 9. cxd5 cxd5 10. Bd3 Bb7 11. 0-0 Rc8 12. Qe2 Nb8 13. Rfc1 Ne8 14. Rc2 Nc6 15. Ba3 Nc7 16. Rac1 Qd7 17. Nb5 Ne6 18. Qd2 Rfd8 19. Be2 Nc7 20. Rxc6 Nxb5 21. Rxc8 Rxc8 22. Rxc8+ Bxc8 23. Bxb5 Qxb5 24. Bxe7 Ba6 25. Qc2 Qd7 26. Bh4 Qc8 27. Qxc8+ Bxc8 28. Bg3 Bf8 29. Bb8 a6 30. Ba7 b5 31. Bc5 a5 32. Ne5 Bf5 33. Nc6 b4 34. Nxa5 Bb1 35. Kf1 Bxa2 36. Ke2 1-0

[Event "Carlos Torre Memorial op 33rd"]
[Site "Merida"]
[Date "2023.12.15"]
[Round "2"]
[White "Galaviz Medina, Sion Radamantys"]
[Black "Muniz Guevara, Amanda Maria"]
[Result "1-0"]
[WhiteElo "2454"]
[BlackElo "2133"]
[PlyCount "85"]
[EventDate "2023.12.15"]
[EventType "swiss"]
[EventRounds "9"]
[EventCountry "MEX"]
[SourceTitle "CB52_2023"]
[SourceDate "2023.12.27"]
[SourceVersion "1"]
[SourceVersionDate "2023.12.27"]
[SourceQuality "1"]

1. d4 d5 2. c4 c6 3. Nf3 Nf6 4. Nc3 a6 5. e3 g6 6. a4 Bg7 7. Be2 0-0 8. 0-0 h6 9. b4 Ne4 10. Bb2 Bg4 11. Nxe4 dxe4 12. Nd2 Bxe2 13. Qxe2 f5 14. f3 exf3 15. Nxf3 e6 16. e4 Nd7 17. e5 a5 18. b5 Nb6 19. Ba3 Rf7 20. Bc5 Nc8 21. bxc6 bxc6 22. Rab1 g5 23. Rfd1 Rd7 24. Ne1 Bf8 25. Nd3 Rxd4 26. Bxd4 Qxd4+ 27. Nf2 Qa7 28. Qh5 Ne7 29. Rd6 Qc5 30. Rxe6 Rd8 31. Rd6 Rxd6 32. exd6 Qxd6 33. Qe2 Bg7 34. Re1 Kf7 35. Nd3 Bc3 36. Rd1 Bd4+ 37. Kh1 c5 38. Re1 Kf6 39. Qh5 Kg7 40. Qf3 Bf6 41. Qe3 f4 42. Qe4 Qb6 43. Qe6 1-0

[Event "Cancun Camara Cup 11th"]
[Site "Cancun"]
[Date "2023.10.14"]
[Round "6"]
[White "Muniz Guevara, Amanda Maria"]
[Black "Diaz Perez, Michel Alejandro"]
[Result "0-1"]
[WhiteElo "2133"]
[BlackElo "2473"]
[PlyCount "96"]
[EventDate "2023.10.11"]
[EventType "swiss"]
[EventRounds "9"]
[EventCountry "MEX"]
[SourceTitle "Mega2024 Update 01"]
[Source "Chessbase"]
[SourceDate "2023.11.12"]
[SourceVersion "1"]
[SourceVersionDate "2023.11.12"]
[SourceQuality "1"]

1. e4 c5 2. Nf3 d6 3. d4 cxd4 4. Qxd4 a6 5. c4 Nc6 6. Qd2 Nf6 7. Nc3 g6 8. Be2 Bg7 9. 0-0 0-0 10. Rb1 Bg4 11. b3 Nd7 12. Bb2 Qa5 13. Rfd1 Bxf3 14. Bxf3 b5 15. c5 b4 16. Na4 Bxb2 17. Qxb2 Nce5 18. cxd6 Nxf3+ 19. gxf3 Qg5+ 20. Kh1 Qh5 21. Qe2 Ne5 22. Kg2 exd6 23. Nb6 Rae8 24. Rd5 f5 25. Nc4 fxe4 26. Qxe4 Nxf3 27. Rxh5 Rxe4 28. Rh3 Ref4 29. Nxd6 Nd2 30. Re1 Rxf2+ 31. Kg1 R2f6 32. Re7 Rxd6 33. Rhxh7 Rf1+ 34. Kg2 Re6 35. Rxe6 Kxh7 36. Rxa6 Rf4 37. Kg3 Rd4 38. Ra4 Ne4+ 39. Kg2 Nc3 40. Ra7+ Kh6 41. a4 Rd2+ 42. Kh1 Rb2 43. Rb7 Rxb3 44. a5 Nd5 45. a6 Ra3 46. a7 Ra2 47. Kg1 Nf4 48. Kf1 g5 0-1

[Event "CUB-ch (Women)"]
[Site "Camaguey"]
[Date "2023.02.19"]
[Round "10"]
[White "Muniz Guevara, Amanda Maria"]
[Black "Obregon Garcia, Roxangel"]
[Result "1/2-1/2"]
[WhiteElo "2057"]
[BlackElo "2158"]
[PlyCount "54"]
[EventDate "2023.02.09"]
[EventType "tourn"]
[EventRounds "11"]
[EventCountry "CUB"]
[SourceTitle "CBM 213 Extra"]
[Source "ChessBase"]
[SourceDate "2023.05.31"]
[SourceVersion "1"]
[SourceVersionDate "2023.05.31"]
[SourceQuality "1"]

1. e4 c5 2. Nf3 d6 3. d4 cxd4 4. Nxd4 Nf6 5. Nc3 a6 6. Be2 e5 7. Nb3 Be7 8. Be3 Be6 9. Nd5 Nbd7 10. f3 Bxd5 11. exd5 0-0 12. 0-0 Qc7 13. c4 Nh5 14. Qd2 b6 15. g3 f5 16. f4 exf4 17. gxf4 Nhf6 18. Nd4 Ne4 19. Qe1 Rf6 20. Kh1 a5 21. Nc6 Bf8 22. Bd4 Rh6 23. Bd3 Re8 24. Bxe4 Rxe4 25. Qf2 Qc8 26. Rae1 Qe8 27. b3 g6 1/2-1/2

[Event "CUB-ch (Women)"]
[Site "Camaguey"]
[Date "2023.02.17"]
[Round "8"]
[White "Muniz Guevara, Amanda Maria"]
[Black "Arribas Robaina, Maritza"]
[Result "0-1"]
[WhiteElo "2057"]
[BlackElo "2225"]
[PlyCount "110"]
[EventDate "2023.02.09"]
[EventType "tourn"]
[EventRounds "11"]
[EventCountry "CUB"]
[SourceTitle "CBM 213 Extra"]
[Source "ChessBase"]
[SourceDate "2023.05.31"]
[SourceVersion "1"]
[SourceVersionDate "2023.05.31"]
[SourceQuality "1"]

1. e4 e6 2. d4 d5 3. exd5 exd5 4. Bd3 Nc6 5. c3 Bd6 6. Qf3 Be6 7. Ne2 Qd7 8. Bf4 Nge7 9. Bxd6 Qxd6 10. 0-0 0-0-0 11. Nd2 h5 12. b4 Bg4 13. Qf4 Bxe2 14. Qxd6 Rxd6 15. Bxe2 Ng6 16. Bd3 Nf4 17. Bf5+ Kd8 18. Rae1 Ne7 19. Bc2 Rc6 20. Nb1 Rhh6 21. g3 Ne6 22. Bd3 Nf8 23. Re3 Rhe6 24. Rfe1 g6 25. f3 Rxe3 26. Rxe3 Nd7 27. Kf2 Nb6 28. Ke2 Nc4 29. Bxc4 Rxc4 30. Kd3 Rc6 31. Re5 Rf6 32. Re3 Ra6 33. a3 Kd7 34. Kc2 f6 35. Kb3 Nf5 36. Re2 Re6 37. Rxe6 Kxe6 38. Nd2 Ne3 39. a4 g5 40. a5 h4 41. Ka4 h3 42. Kb3 g4 43. f4 Kf5 44. b5 b6 45. axb6 axb6 46. Kb2 Ng2 47. Kc2 Nxf4 48. gxf4 g3 49. Nf1 gxh2 50. Nxh2 Kxf4 51. Kd2 Kg3 52. Nf1+ Kf2 53. Ne3 Kg1 54. Ng4 f5 55. Ne5 Kg2 0-1

[Event "CUB-ch (Women)"]
[Site "Camaguey"]
[Date "2023.02.16"]
[Round "7"]
[White "Forgas Moreno, Yaniela"]
[Black "Muniz Guevara, Amanda Maria"]
[Result "0-1"]
[WhiteElo "2304"]
[BlackElo "2057"]
[PlyCount "80"]
[EventDate "2023.02.09"]
[EventType "tourn"]
[EventRounds "11"]
[EventCountry "CUB"]
[SourceTitle "CBM 213 Extra"]
[Source "ChessBase"]
[SourceDate "2023.05.31"]
[SourceVersion "1"]
[SourceVersionDate "2023.05.31"]
[SourceQuality "1"]

1. f4 d5 2. Nf3 g6 3. d3 Bg7 4. Nbd2 c6 5. e4 Bg4 6. h3 Bxf3 7. Qxf3 Qa5 8. c3 Nd7 9. Nb3 Qb5 10. Be3 e6 11. Qf2 Qa4 12. e5 h5 13. Rg1 h4 14. Be2 Bf8 15. Nd4 Be7 16. Bd1 Qa6 17. Bc2 Nh6 18. a4 c5 19. Nb5 Qc6 20. d4 c4 21. Bd2 Nf5 22. Na3 Ng3 23. a5 b5 24. axb6 axb6 25. Qe3 b5 26. Kf2 0-0 27. Rge1 Rfb8 28. Qf3 b4 29. cxb4 Bxb4 30. Bxb4 Rxb4 31. Ra2 Qb6 32. Qc3 Rb8 33. Rb1 Rb7 34. Qe3 Nb8 35. Rd1 Qa7 36. f5 Rxb2 37. Rxb2 Rxb2 38. f6 Nf5 39. Qc1 Qxa3 40. Kf1 Ne3+ 0-1

[Event "CUB-ch (Women)"]
[Site "Camaguey"]
[Date "2023.02.11"]
[Round "3"]
[White "Gutierrez Espinosa, Karen"]
[Black "Muniz Guevara, Amanda Maria"]
[Result "1/2-1/2"]
[WhiteElo "2110"]
[BlackElo "2057"]
[PlyCount "93"]
[EventDate "2023.02.09"]
[EventType "tourn"]
[EventRounds "11"]
[EventCountry "CUB"]
[SourceTitle "CBM 213 Extra"]
[Source "ChessBase"]
[SourceDate "2023.05.31"]
[SourceVersion "1"]
[SourceVersionDate "2023.05.31"]
[SourceQuality "1"]

1. e4 e5 2. Nf3 Nc6 3. d4 exd4 4. Bc4 Bc5 5. c3 Nf6 6. e5 d5 7. Bb5 Ne4 8. cxd4 Bb6 9. h3 0-0 10. 0-0 f6 11. Nc3 fxe5 12. dxe5 Bxf2+ 13. Rxf2 Nxf2 14. Kxf2 Nxe5 15. Qxd5+ Qxd5 16. Nxd5 Bxh3 17. Be2 Nxf3 18. Bxf3 Bg4 19. Nxc7 Rac8 20. Nb5 Rc2+ 21. Kg3 Bxf3 22. gxf3 Rfc8 23. Be3 Rxb2 24. Nxa7 Rcc2 25. Rd1 Rg2+ 26. Kf4 h5 27. Nc8 Rxa2 28. Rd8+ Kh7 29. Rd5 h4 30. Ne7 Ra6 31. Ke5 h3 32. Rd4 Ra5+ 33. Nd5 Re2 34. Rh4+ Kg8 35. Ke4 Rxd5 36. Kxd5 Rxe3 37. Rxh3 b5 38. Kd4 Rb3 39. Ke4 Rb1 40. Rh5 b4 41. Rb5 b3 42. Kf5 Kh7 43. Rb7 b2 44. Rb8 Rf1 45. Rxb2 Rxf3+ 46. Kg4 Rf6 47. Rb5 1/2-1/2

[Event "Guillermo Garcia Memorial op"]
[Site "Santa Clara"]
[Date "2022.05.07"]
[Round "7"]
[White "Diaz Garcia, Lianet"]
[Black "Muniz Guevara, Amanda Maria"]
[Result "0-1"]
[WhiteElo "2107"]
[BlackElo "2137"]
[PlyCount "83"]
[EventDate "2022.04.30"]
[EventType "swiss"]
[EventRounds "9"]
[EventCountry "CUB"]
[SourceTitle "CBM 208 Extra"]
[Source "ChessBase"]
[SourceDate "2022.07.31"]
[SourceVersion "1"]
[SourceVersionDate "2022.07.31"]
[SourceQuality "1"]

1. d4 d5 2. Nf3 Nf6 3. c4 c6 4. e3 Bf5 5. Bd3 Bxd3 6. Qxd3 e6 7. 0-0 Nbd7 8. Nbd2 Bd6 9. e4 dxe4 10. Nxe4 Nxe4 11. Qxe4 0-0 12. Rd1 Qe7 13. Bg5 f6 14. Bh4 Qf7 15. d5 cxd5 16. cxd5 e5 17. Qf5 Nb6 18. g4 h6 19. Bg3 Rad8 20. Qe4 Bb8 21. Rd3 Rxd5 22. a4 Rfd8 23. Rad1 Rxd3 24. Rxd3 Rxd3 25. Qxd3 Qd5 26. Qf5 Qd1+ 27. Kg2 Qd7 28. Qe4 Qc6 29. Qd3 Bd6 30. Qf5 Bf8 31. b3 Nd5 32. Qd3 Nc3 33. Qd8 Ne2 34. Qd3 Nxg3 35. hxg3 e4 36. Qc4+ Qxc4 37. bxc4 exf3+ 38. Kxf3 Kf7 39. Ke4 Ke6 40. f4 g6 41. Kd4 Kd6 42. f5 0-1

[Event "Guillermo Garcia Memorial op"]
[Site "Santa Clara"]
[Date "2022.05.06"]
[Round "6"]
[White "Muniz Guevara, Amanda Maria"]
[Black "Gil Alba, Hector Luis"]
[Result "1/2-1/2"]
[WhiteElo "2137"]
[BlackElo "2248"]
[PlyCount "227"]
[EventDate "2022.04.30"]
[EventType "swiss"]
[EventRounds "9"]
[EventCountry "CUB"]
[SourceTitle "CBM 208 Extra"]
[Source "ChessBase"]
[SourceDate "2022.07.31"]
[SourceVersion "1"]
[SourceVersionDate "2022.07.31"]
[SourceQuality "1"]

1. e4 c5 2. Nf3 Nc6 3. Bb5 e6 4. 0-0 Nge7 5. Re1 Nd4 6. Bf1 Ng6 7. c3 Nxf3+ 8. Qxf3 Be7 9. d4 cxd4 10. cxd4 0-0 11. Nc3 d6 12. g3 e5 13. Be3 Be6 14. Qe2 exd4 15. Bxd4 Ne5 16. Bxe5 dxe5 17. Red1 Qa5 18. Nd5 Bc5 19. Qb5 Qxb5 20. Bxb5 Rfc8 21. Rac1 Bg4 22. Re1 Kf8 23. Kg2 f6 24. b4 Bd6 25. a3 Be6 26. Bc4 Bf7 27. Red1 Rc6 28. Bb5 Rxc1 29. Rxc1 Rd8 30. Ne3 g6 31. Rc2 Bb3 32. Rc3 Be6 33. g4 a6 34. Bc4 Bc8 35. Bd5 Bb8 36. h3 Kg7 37. Nc4 Bc7 38. Na5 Bb6 39. Rc2 h5 40. f3 Kh6 41. Nxb7 Bxb7 42. Bxb7 Rd3 43. Bxa6 Rxa3 44. b5 Kg5 45. gxh5 gxh5 46. Bc8 Rb3 47. Ba6 Kf4 48. Rc6 Rb2+ 49. Kf1 Bd4 50. Rxf6+ Ke3 51. Rf8 h4 52. Bc8 Rxb5 53. Bg4 Rb1+ 54. Kg2 Bc3 55. Ra8 Rb2+ 56. Kf1 Rf2+ 57. Kg1 Bd4 58. Ra4 Rb2 59. Kf1 Bb6 60. Ra3+ Kf4 61. Ke1 Bc5 62. Rd3 Bd4 63. Kd1 Be3 64. Ra3 Rh2 65. Rb3 Bd4 66. Rd3 Kg3 67. Ra3 Rh1+ 68. Ke2 Kf4 69. Rb3 Bc5 70. Kd2 Be7 71. Ke2 Bg5 72. Rd3 Rh2+ 73. Kf1 Kg3 74. Bf5 Bf4 75. Rb3 Bd2 76. f4+ Kxf4 77. Rd3 Be3 78. Ke1 Kf3 79. Kd1 Ra2 80. Rb3 Rd2+ 81. Ke1 Rd4 82. Ra3 Rc4 83. Rd3 Rc2 84. Rd8 Bd4 85. Rb8 Re2+ 86. Kd1 Rg2 87. Rb3+ Be3 88. Rd3 Rg7 89. Kc2 Kf4 90. Kb3 Rf7 91. Kc4 Rf8 92. Kd5 Rd8+ 93. Kc4 Rg8 94. Kd5 Rg3 95. Kc4 Bd4 96. Rb3 Rg1 97. Rd3 Ra1 98. Kb4 Rc1 99. Kb3 Be3 100. Rc3 Re1 101. Kc4 Bd4 102. Rd3 Ra1 103. Kb4 Ra8 104. Kc4 Bf2 105. Kd5 Rd8+ 106. Kc4 Rf8 107. Kd5 Rd8+ 108. Kc4 Rf8 109. Kd5 Bb6 110. Kc6 Bd4 111. Kd5 Bg1 112. Kc4 Be3 113. Kd5 Ba7 114. Kc4 1/2-1/2

[Event "Victoria de Giron Cup tt"]
[Site "Matanzas"]
[Date "2018.10.05"]
[Round "7.4"]
[White "Santander Valle, David A"]
[Black "Muniz Guevara, Amanda Maria"]
[Result "0-1"]
[WhiteElo "2018"]
[BlackElo "2042"]
[PlyCount "46"]
[EventDate "2018.10.02"]
[EventType "team-tourn"]
[EventRounds "9"]
[EventCountry "CUB"]
[SourceTitle "EXT 2021"]
[Source "ChessBase"]
[SourceDate "2020.10.23"]
[SourceVersion "1"]
[SourceVersionDate "2020.10.23"]
[SourceQuality "1"]

1. e3 d5 2. d4 Bf5 3. c4 c6 4. Nc3 e6 5. cxd5 exd5 6. Nf3 Nf6 7. Bd3 Qc8 8. Ne5 Bd6 9. Bxf5 Qxf5 10. Qb3 b6 11. Nf3 0-0 12. 0-0 Nbd7 13. Bd2 Qh5 14. Qc2 c5 15. Nb5 Bb8 16. dxc5 bxc5 17. Rad1 Ne4 18. Ba5 Ng5 19. Bc7 Nxf3+ 20. gxf3 Qxf3 21. Bxb8 Raxb8 22. Nc7 Rb6 23. Rfe1 Qh3 0-1

[Event "Victoria de Giron Cup tt"]
[Site "Matanzas"]
[Date "2018.10.03"]
[Round "4.2"]
[White "Muniz Guevara, Amanda Maria"]
[Black "Cruz Mendez, Jean Marcos"]
[Result "1-0"]
[WhiteElo "2042"]
[BlackElo "1992"]
[PlyCount "99"]
[EventDate "2018.10.02"]
[EventType "team-tourn"]
[EventRounds "9"]
[EventCountry "CUB"]
[SourceTitle "EXT 2021"]
[Source "ChessBase"]
[SourceDate "2020.10.23"]
[SourceVersion "1"]
[SourceVersionDate "2020.10.23"]
[SourceQuality "1"]

1. e4 c5 2. Nf3 e6 3. d4 cxd4 4. Nxd4 Qb6 5. Nb3 a6 6. Nc3 Qc7 7. a4 Nf6 8. Bd3 Be7 9. 0-0 Nc6 10. f4 d6 11. Be3 0-0 12. Qf3 e5 13. f5 Nb4 14. g4 h6 15. Rf2 Nh7 16. Qg2 Bd7 17. Nd2 Bc6 18. a5 Qd8 19. Nc4 Bh4 20. Rd2 Qe7 21. Bf1 Ng5 22. Rxd6 Bb5 23. Rad1 Rac8 24. Nxb5 axb5 25. Na3 Rfd8 26. Bc5 Rxd6 27. Bxd6 Qd8 28. c3 Nc6 29. Nxb5 Qxa5 30. Qe2 Qb6+ 31. Kh1 Na5 32. Bxe5 Nc4 33. Nd6 Nxd6 34. Bxd6 Re8 35. e5 Ra8 36. Bg2 Ra4 37. Bb4 Ra8 38. Bd5 Re8 39. Bg2 Qc7 40. Bd6 Qb6 41. c4 Qa6 42. b4 Qa7 43. c5 Nh7 44. Bd5 Be7 45. Qc4 Ng5 46. e6 f6 47. Bxe7 Rxe7 48. Bg2 Qa4 49. Qd4 Kh7 50. h4 1-0

[Event "Victoria de Giron Cup tt"]
[Site "Matanzas"]
[Date "2018.10.02"]
[Round "1.1"]
[White "Palao Valdes, Alejandro"]
[Black "Muniz Guevara, Amanda Maria"]
[Result "0-1"]
[WhiteElo "2024"]
[BlackElo "2042"]
[PlyCount "106"]
[EventDate "2018.10.02"]
[EventType "team-tourn"]
[EventRounds "9"]
[EventCountry "CUB"]
[SourceTitle "EXT 2021"]
[Source "ChessBase"]
[SourceDate "2020.10.23"]
[SourceVersion "1"]
[SourceVersionDate "2020.10.23"]
[SourceQuality "1"]

1. d4 d5 2. c4 c6 3. Nc3 Nf6 4. Nf3 dxc4 5. e3 b5 6. a4 b4 7. Na2 e6 8. Bxc4 Be7 9. 0-0 0-0 10. Bd2 a5 11. Nc1 Nbd7 12. Qe2 Ne4 13. Nb3 Bb7 14. Rfd1 Qb6 15. Be1 c5 16. Ne5 Rad8 17. Nxd7 Rxd7 18. f3 Nf6 19. dxc5 Bxc5 20. Nxc5 Qxc5 21. Bf2 Rc8 22. b3 Qc7 23. e4 Rcd8 24. Rxd7 Rxd7 25. Rd1 h6 26. Rxd7 Nxd7 27. Bd4 Qd6 28. Qb2 e5 29. Be3 Ba6 30. Qe2 Bxc4 31. Qxc4 h5 32. Kf2 g6 33. g3 Kg7 34. f4 Nf6 35. Ke2 exf4 36. gxf4 Qd7 37. Qd4 Qc6 38. Kd3 Kh7 39. Bf2 Qa6+ 40. Ke3 Ng4+ 41. Kf3 Qf1 42. Kg3 Qe2 43. Bg1 Qe1+ 44. Kg2 Qe2+ 45. Kg3 Qf1 46. e5 Nh6 47. Qf2 Nf5+ 48. Kf3 Qd3+ 49. Kg2 Qxb3 50. Qa7 Qd5+ 51. Kf1 b3 52. e6 Qxe6 53. Qxa5 Qc4+ 0-1

[Event "Francisco Martinez 8th tt"]
[Site "Santa Clara"]
[Date "2018.08.21"]
[Round "10.3"]
[White "Muniz Guevara, Amanda Maria"]
[Black "Charon Mustelier, Manuel"]
[Result "0-1"]
[WhiteElo "2148"]
[BlackElo "2171"]
[PlyCount "118"]
[EventDate "2018.08.16"]
[EventType "team-tourn"]
[EventRounds "10"]
[EventCountry "CUB"]
[EventCategory "8"]
[SourceTitle "EXT 2021"]
[Source "ChessBase"]
[SourceDate "2020.10.23"]
[SourceVersion "1"]
[SourceVersionDate "2020.10.23"]
[SourceQuality "1"]

1. e4 e6 2. d4 d5 3. Nd2 dxe4 4. Nxe4 Bd7 5. Nf3 Bc6 6. Bd3 Nd7 7. 0-0 Ngf6 8. Re1 Be7 9. h3 0-0 10. c3 a5 11. Qc2 Bxe4 12. Bxe4 Nxe4 13. Qxe4 c6 14. Bf4 a4 15. c4 Re8 16. a3 Qa5 17. Rac1 Rac8 18. Ne5 Nf6 19. Qf3 Red8 20. Qe3 Rf8 21. Red1 Rcd8 22. Rd3 c5 23. Qf3 Qb6 24. dxc5 Bxc5 25. Rcd1 Rxd3 26. Nxd3 Be7 27. Be5 Qb3 28. Rc1 Rd8 29. Rc3 Qb6 30. c5 Qb5 31. Qg3 g6 32. Qf3 Nd5 33. Rc1 Bg5 34. Rd1 Qb3 35. Re1 Bd2 36. Rf1 Bh6 37. Qe4 Bg5 38. Bd6 Qc2 39. Qf3 Qb3 40. Qe4 Be7 41. Bxe7 Nxe7 42. Nb4 Nd5 43. Qd4 Rd7 44. h4 h5 45. Re1 Nb6 46. Qe5 Nc4 47. Qb8+ Kg7 48. Qc8 Rd1 49. Rxd1 Qxd1+ 50. Kh2 Qd4 51. Qxb7 Qxc5 52. Qf3 Qe5+ 53. g3 Qxb2 54. Qf4 Ne5 55. Kg2 Ng4 56. Qf3 Ne5 57. Qf4 Qc3 58. Na6 Qc6+ 59. f3 Qc2+ 0-1

[Event "Francisco Martinez 8th tt"]
[Site "Santa Clara"]
[Date "2018.08.19"]
[Round "6.1"]
[White "Ramos Martin, Lisandra"]
[Black "Muniz Guevara, Amanda Maria"]
[Result "1/2-1/2"]
[WhiteElo "2120"]
[BlackElo "2148"]
[PlyCount "47"]
[EventDate "2018.08.16"]
[EventType "team-tourn"]
[EventRounds "10"]
[EventCountry "CUB"]
[EventCategory "8"]
[SourceTitle "EXT 2021"]
[Source "ChessBase"]
[SourceDate "2020.10.23"]
[SourceVersion "1"]
[SourceVersionDate "2020.10.23"]
[SourceQuality "1"]

1. d4 d5 2. c4 c6 3. Nf3 Nf6 4. Nc3 Bf5 5. cxd5 Nxd5 6. Qb3 Qb6 7. Nxd5 Qxb3 8. axb3 cxd5 9. Bf4 Nc6 10. e3 Rc8 11. Be2 e6 12. 0-0 Bb4 13. Rfc1 Ke7 14. h3 f6 15. Bb5 a5 16. Kf1 g5 17. Bg3 Na7 18. Be2 Bc2 19. Bd1 Bxd1 20. Rxc8 Rxc8 21. Rxd1 Rc2 22. Rb1 Bd6 23. Bxd6+ Kxd6 24. g3 1/2-1/2